Which Country Doesn't Have _________? #3 - Statistics

General Stats
  • This quiz has been taken 146 times
    100 since last reset
  • The average score is 6 of 10
Answer Stats
Question Answer % Correct
Which Country doesn't have a flag without the white on it? Palau
100%
Which Country doesn't have a capital city that starts with the letter B? Peru
100%
Which Country isn't ruled by a monarchy (focus on the world "ruled")? Belgium
67%
Which Country doesn't have a population over 10 million? New Zealand
67%
Which Country doesn't have any freedom of the press? North Korea
67%
Which Country doesn't have a land border with Iran? Qatar
67%
Which Country didn't exist in 1848? Germany
33%
Which Country doesn't have a border with the Mediterranean? Portugal
33%
Which Country wasn't part of Soviet Union? Romania
33%
Which Country doesn't have English as an official language? United States
33%
No matching quizzes found
Score Distribution
Percent of People with Each Score
Percentile by Number Answered
Your Score History
You have not taken this quiz since the last reset